Calendar girl /

Gorde:
Xehetasun bibliografikoak
Egile nagusia: Duffy, Stella (Egilea)
Beste egile batzuk: Zucchella, Fabio
Formatua: Liburua
Hizkuntza:italiera
Argitaratua: Venezia : Marsilio, 2002
Saila:Black
Etiketak: Etiketa erantsi
Etiketarik gabe, Izan zaitez lehena erregistro honi etiketa jartzen!

MARC

LEADER 00000nam a22000007i 4500
001 IT\ICCU\RAV\0909018
003 ItRI
005 20260115231905.0
008 020711s2002 it |||||| ||||| |||||c
020 |a 8831778781 
040 |b ita  |c importazione bologna sebina 
041 7 |a ita  |2 ISO-639-2 
100 1 |a Duffy, Stella  |0 IT\ICCU\REAV\096388  |4 aut 
240 1 0 |a Calendar girl.  |3 IT\ICCU\RAV\0909020  |9 Duffy, Stella 
245 1 0 |a Calendar girl /  |c Stella Duffy ; traduzione di Fabio Zucchella. 
260 |a Venezia :  |b Marsilio,  |c 2002 
300 |a 222 p. ;  |c 21 cm. 
700 1 |a Zucchella, Fabio  |0 IT\ICCU\TO0V\369438 
830 0 |a Black  |0 IT\ICCU\RAV\0909022 
942 |2 ddc  |c BK  |n 0 
952 |0 0  |1 0  |4 0  |6 L_823_914000000000000_DUF  |7 0  |9 15533  |a BO  |b BO  |d 2026-01-15  |i 12759  |l 0  |o L 823.914 DUF  |p BO12759  |r 2026-01-15 23:19:05  |w 2026-01-15  |x [Sebina 5] [1 v. (2. copia)]  |y BK  |z 1 v. (2. copia) 
952 |0 0  |1 0  |4 0  |6 L_823_914000000000000_DUF  |7 0  |9 15534  |a BO  |b BO  |d 2026-01-15  |i 7355  |l 0  |o L 823.914 DUF  |p BO7355  |r 2026-01-15 23:19:05  |w 2026-01-15  |x [Sebina 5] [1 v.]  |y BK  |z 1 v. 
999 |c 13369  |d 13369